| 000 | 00382nam a2200145 i 4500 | ||
|---|---|---|---|
| 001 | 101911 | ||
| 003 | ES-MaACL | ||
| 005 | 20230906183016.0 | ||
| 007 | t| | ||
| 008 | 051026s1916 fr ||||1| spa d | ||
| 100 | 1 |
_aMélot, Auguste. _980026 |
|
| 245 | 1 | 3 |
_aEl martirio del clero belga / _cAuguste Mélot. |
| 260 |
_aParis : _bBloud and Gay, _c1916. |
||
| 852 |
_aES-MaACL _j1547-F-3 |
||
| 999 |
_c101911 _d101911 |
||